[Event "15. Bayer Open"]
[Site "Leverkusen"]
[Date "2017.01.16"]
[Round "2.35"]
[White "Balduan, Karl-Heinz"]
[Black "Pyrowicz, Jacek"]
[Result "1-0"]
[WhiteElo "1511"]
[BlackElo "1726"]
[PlyCount "129"]
[EventDate "2017.??.??"]
[WhiteTeam "Königsspringer Leverkusen"]
[BlackTeam "SV Wermelskirchen"]

1. d4 Nf6 2. Nf3 e6 3. Bg5 Be7 4. e3 b6 5. Nbd2 Bb7 6. Bd3 d5 7. O-O Nbd7 8. c3
h6 9. Bf4 Nh5 10. Bg3 O-O 11. Qc2 f5 12. Be5 Nxe5 13. Nxe5 Bd6 14. f4 Nf6 15.
Be2 c5 16. Qc1 Qe8 17. Rf3 Nd7 18. Rh3 cxd4 19. exd4 Nxe5 20. fxe5 Be7 21. Qe1
Bg5 22. Nf3 Be3+ 23. Kh1 Bc6 24. Qg3 Bb5 25. Re1 Bxe2 26. Rxe2 f4 27. Qg4 Kh7
28. Ng5+ Kh8 29. Nf3 Qb5 30. Re1 Qd7 31. Nh4 Rf7 32. Ng6+ Kg8 33. Rf1 Qb5 34.
Rhf3 Re8 35. h4 Rf5 36. h5 Rg5 37. Qh4 Qxb2 38. Nxf4 Bxf4 39. R3f2 Bg3 40. Qxg3
Rxg3 41. Rxb2 Rxc3 42. Rbf2 Rec8 43. Rf4 Rc1 44. Kh2 Rxf1 45. Rxf1 Rc2 46. Rf3
Rxa2 47. Rc3 Ra4 48. Rc8+ Kh7 49. Re8 Rxd4 50. Rxe6 Re4 51. Kg3 d4 52. Kf3 Re1
53. Kf4 Kg8 54. Rd6 Kf8 55. Rxd4 Ke7 56. Rd6 Rb1 57. Rc6 Kd7 58. Rg6 a5 59.
Rxg7+ Ke8 60. Rg6 a4 61. Rxh6 Rb5 62. Rc6 a3 63. h6 a2 64. h7 Rb4+ 65. Kg5 1-0

[Event "15. Bayer Open"]
[Site "Leverkusen"]
[Date "2017.01.16"]
[Round "2.36"]
[White "Gülden, Ralf"]
[Black "Baumgarten, Fred"]
[Result "1/2-1/2"]
[WhiteElo "1535"]
[BlackElo "1589"]
[PlyCount "43"]
[EventDate "2017.??.??"]
[WhiteTeam "Königsspringer Leverkusen"]
[BlackTeam "SV Hennef"]

1. d4 Nf6 2. c4 g6 3. Nc3 Bg7 4. e4 d6 5. Nf3 O-O 6. Be2 a6 7. O-O Bd7 8. Bf4
c6 9. Qd2 Re8 10. Rfd1 Bg4 11. h3 Bxf3 12. Bxf3 Nbd7 13. Rac1 Qa5 14. b3 Rad8
15. Na4 Qxd2 16. Rxd2 e5 17. dxe5 dxe5 18. Bg5 h6 19. Bxf6 Bxf6 20. Rcd1 Nf8
21. Rxd8 Rxd8 22. Rxd8 1/2-1/2

[Event "15. Bayer Open"]
[Site "Leverkusen"]
[Date "2017.01.16"]
[Round "2.37"]
[White "Elsweiler, Karl-Heinz"]
[Black "Longerich, Hans-Peter"]
[Result "1/2-1/2"]
[WhiteElo "1574"]
[BlackElo "1402"]
[PlyCount "42"]
[EventDate "2017.??.??"]
[WhiteTeam "SV Opladen"]
[BlackTeam "SC Bayer Leverkusen"]

1. b4 e5 2. Bb2 Bxb4 3. Bxe5 Nf6 4. Nf3 d5 5. e3 O-O 6. Be2 Nbd7 7. O-O Re8 8.
Bc3 Bxc3 9. Nxc3 c6 10. Na4 Qe7 11. c4 c5 12. cxd5 Nxd5 13. d4 cxd4 14. Qxd4
Qe4 15. Rfd1 Qxd4 16. Rxd4 N7f6 17. Bc4 Nc7 18. Ng5 Ne6 19. Nxe6 Bxe6 20. Bxe6
Rxe6 21. Rad1 Rc8 1/2-1/2

[Event "15. Bayer Open"]
[Site "Leverkusen"]
[Date "2017.01.16"]
[Round "2.38"]
[White "Müller, Horst"]
[Black "Hoffmann, Michael"]
[Result "0-1"]
[WhiteElo "1497"]
[BlackElo "1682"]
[PlyCount "72"]
[EventDate "2017.??.??"]
[WhiteTeam "SV Springer Hitdorf"]
[BlackTeam "SG Neuss"]

1. d4 d5 2. Nf3 Nf6 3. c4 c6 4. cxd5 cxd5 5. Nc3 Nc6 6. e3 a6 7. Bd3 Bg4 8. h3
Bh5 9. a3 e6 10. Be2 Bd6 11. Bd2 Rc8 12. O-O O-O 13. Rc1 Na5 14. Na4 Rxc1 15.
Qxc1 Ne4 16. Qc2 Nc4 17. Bb4 Bxb4 18. axb4 Bxf3 19. gxf3 Ned6 20. b3 Na3 21.
Qb2 Nab5 22. Nc5 Qe7 23. Rc1 Na7 24. Qa2 Rc8 25. Qd2 Nc6 26. Nd3 g6 27. Rc5
Qg5+ 28. Kh2 Nxd4 29. Rxc8+ Nxc8 30. Nc5 Nf5 31. Bf1 Ncd6 32. Qd3 Nh4 33. Qe2
Nb5 34. e4 Nc3 35. Qd3 Qf4+ 36. Kh1 Nxf3 0-1

[Event "15. Bayer Open"]
[Site "Leverkusen"]
[Date "2017.01.16"]
[Round "2.39"]
[White "Liebsch, Ulrich"]
[Black "Wotzka, Anton"]
[Result "1/2-1/2"]
[WhiteElo "1687"]
[BlackElo "1513"]
[PlyCount "70"]
[EventDate "2017.??.??"]
[WhiteTeam "SC Bayer Leverkusen"]
[BlackTeam "SF Schlebusch"]

1. c4 e6 2. Nc3 d5 3. d4 Nf6 4. Nf3 Be7 5. g3 dxc4 6. Qa4+ c6 7. Qxc4 O-O 8.
Bg2 h6 9. O-O Nbd7 10. a4 a5 11. e4 Re8 12. Be3 Nf8 13. Rac1 Ng6 14. h4 Bd7 15.
Qb3 Qc8 16. Rfd1 Rd8 17. Ne1 Be8 18. Nd3 Ng4 19. d5 Nxe3 20. fxe3 exd5 21. exd5
Bd6 22. Nf4 Nxf4 23. exf4 Qb8 24. Ne4 Kf8 25. Nxd6 Rxd6 26. Re1 Qa7+ 27. Kh2
Rad8 28. Qc2 Kg8 29. Rcd1 cxd5 30. Qc7 Qb6 31. Qc2 d4 32. Re5 d3 33. Qd2 Bxa4
34. Rde1 Bc2 35. Rxa5 Qxb2 1/2-1/2

[Event "15. Bayer Open"]
[Site "Leverkusen"]
[Date "2017.01.16"]
[Round "2.40"]
[White "Weirich, Ralf"]
[Black "Autiero, Giovanni"]
[Result "0-1"]
[WhiteElo "1251"]
[BlackElo "1773"]
[PlyCount "88"]
[EventDate "2017.??.??"]
[WhiteTeam "TV Witzhelden"]
[BlackTeam "Düsseldorfer SK"]

1. e4 e6 2. d4 d5 3. e5 b6 4. Nf3 Ne7 5. Bd3 Ba6 6. O-O Bxd3 7. cxd3 Ng6 8. Nc3
c6 9. Be3 Be7 10. g3 O-O 11. a3 f6 12. Qd2 Nd7 13. exf6 Bxf6 14. Ng5 Qe7 15.
Rac1 a6 16. Nh3 e5 17. dxe5 Ngxe5 18. f3 Ng6 19. d4 Rae8 20. Rce1 Qd6 21. Nf4
Bg5 22. Nce2 Rf7 23. h4 Nxf4 24. Nxf4 Bd8 25. Nd3 Qxg3+ 26. Qg2 Qxg2+ 27. Kxg2
Bxh4 28. Bf2 Rxe1 29. Rxe1 Bxf2 30. Kxf2 Kf8 31. Nb4 Nb8 32. Re6 Rc7 33. Kg3 a5
34. Nd3 Nd7 35. b4 Kf7 36. Re2 axb4 37. Nxb4 Nb8 38. Re5 Ra7 39. Nc2 Re7 40.
Kf4 Rxe5 41. dxe5 c5 42. Ne3 Ke6 43. a4 Nc6 44. Nc2 Nxe5 0-1

[Event "15. Bayer Open"]
[Site "Leverkusen"]
[Date "2017.01.16"]
[Round "2.41"]
[White "Kronseder, Michael"]
[Black "Foitzik, Peter"]
[Result "1-0"]
[WhiteElo "1537"]
[BlackElo "1428"]
[PlyCount "55"]
[EventDate "2017.??.??"]
[WhiteTeam "SV Hürth-Berrenrath"]
[BlackTeam "vereinslos"]

1. e4 e6 2. d4 d5 3. Nc3 Bb4 4. Nge2 dxe4 5. a3 Bxc3+ 6. Nxc3 Nf6 7. Bb5+ Nc6
8. Bg5 e3 9. fxe3 Kf8 10. Bxc6 bxc6 11. O-O Ba6 12. Rf2 h6 13. Bxf6 gxf6 14.
Qf3 Rb8 15. Ne4 f5 16. b3 Rb6 17. Nc5 Ke8 18. Qh5 Qg5 19. Qf3 Qg4 20. c4 Bc8
21. b4 Ke7 22. Nd3 Qxf3 23. Rxf3 f6 24. Raf1 Rg8 25. Rh3 f4 26. Rxh6 e5 27.
dxe5 fxe5 28. exf4 {Rest unklar.} 1-0

[Event "15. Bayer Open"]
[Site "Leverkusen"]
[Date "2017.01.16"]
[Round "2.42"]
[White "Azimi, Reza"]
[Black "Riesen, Peter"]
[Result "0-1"]
[WhiteElo "1303"]
[BlackElo "1670"]
[PlyCount "100"]
[EventDate "2017.??.??"]
[WhiteTeam "Schachuzipus Köln-Mülheim"]
[BlackTeam "Klub Kölner SF"]

1. e4 e6 2. d4 d5 3. Nc3 Nf6 4. Bg5 dxe4 5. Nxe4 Be7 6. Bd3 O-O 7. c3 b6 8. Qc2
g6 9. Nf3 Bb7 10. O-O-O Nxe4 11. Bxe7 Qxe7 12. Bxe4 Bxe4 13. Qxe4 Nd7 14. h4
Nf6 15. Qf4 Nd5 16. Qh6 f6 17. h5 g5 18. g3 Qg7 19. Qxg7+ Kxg7 20. h6+ Kf7 21.
Rde1 Rae8 22. Nd2 f5 23. Nf3 Kf6 24. Ne5 Re7 25. Ref1 c5 26. f4 cxd4 27. cxd4
Ne3 28. fxg5+ Kxg5 29. Rf2 Rc7+ 30. Kb1 Ng4 31. Nxg4 Kxg4 32. Rg1 Rd8 33. Rf4+
Kg5 34. Rh4 Rd5 35. Re1 Rc6 36. Rc1 Rcd6 37. Rd1 e5 38. Rdh1 Rxd4 39. Rxd4 Rxd4
40. Kc2 Rd6 41. Re1 e4 42. Rh1 Rd3 43. Rd1 Rxd1 44. Kxd1 Kg4 45. Ke2 Kxg3 46.
b4 f4 47. Kf1 f3 48. a4 e3 49. b5 e2+ 50. Ke1 Kg2 0-1

[Event "15. Bayer Open"]
[Site "Leverkusen"]
[Date "2017.01.16"]
[Round "2.43"]
[White "Bursch, Alexander"]
[Black "Hegmann, Werner"]
[Result "1/2-1/2"]
[WhiteElo "1506"]
[BlackElo "1483"]
[PlyCount "119"]
[EventDate "2017.??.??"]
[WhiteTeam "SV Hennef"]
[BlackTeam "SV Opladen"]

1. b3 e5 2. Bb2 Nc6 3. e3 d6 4. Bb5 Nge7 5. d4 a6 6. Bxc6+ Nxc6 7. dxe5 Qg5 8.
Nf3 Qh5 9. exd6 Bxd6 10. Qc1 O-O 11. Nbd2 f5 12. Ba3 Rd8 13. Bxd6 Rxd6 14. Qb2
Be6 15. O-O h6 16. Qc3 b5 17. a4 b4 18. Qc5 Qe8 19. e4 fxe4 20. Nxe4 Rd5 21.
Qe3 Rad8 22. Rfe1 Qf7 23. h3 Re8 24. Nc5 Bd7 25. Ne4 Bf5 26. Nf6+ gxf6 27.
Qxe8+ Qxe8 28. Rxe8+ Kf7 29. Re2 Rc5 30. Rc1 a5 31. Rd2 Be6 32. Rd3 Bf5 33. Rd2
Be6 34. Rdd1 Bf5 35. g4 Be6 36. Kf1 Rc3 37. Rd3 Rc5 38. Ke1 f5 39. Nd4 Nxd4 40.
Rxd4 Bxb3 41. gxf5 Bxa4 42. c3 Bc6 43. Kd2 b3 44. c4 a4 45. Kc3 Be8 46. Rd5 Rc6
47. Kb2 Ra6 48. Ra1 Kf6 49. Rd3 Ra5 50. Rxb3 Rxf5 51. Re3 Rxf2+ 52. Ka3 Bc6 53.
Rae1 Bd7 54. R1e2 Rf4 55. Rc3 c5 56. Rd2 Be6 57. Kxa4 Bxc4 58. Ka3 Bf1 59. Rxc5
Bxh3 60. Rc6+ 1/2-1/2

[Event "15. Bayer Open"]
[Site "Leverkusen"]
[Date "2017.01.16"]
[Round "2.44"]
[White "Skiber, Friedel"]
[Black "Kolleck, Wolf-Dietrich"]
[Result "1/2-1/2"]
[WhiteElo "1557"]
[BlackElo "1492"]
[PlyCount "102"]
[EventDate "2017.??.??"]
[WhiteTeam "SG Solingen"]
[BlackTeam "SC Bayer Leverkusen"]

1. e4 e5 2. f4 d5 3. exd5 c6 4. dxc6 Nxc6 5. Qe2 Qe7 6. Nc3 Nd4 7. Qd1 exf4+ 8.
Be2 Qh4+ 9. Kf1 Bc5 10. g3 fxg3 11. Kg2 Nh6 12. hxg3 Qf6 13. Bd3 O-O 14. Ne4
Qc6 15. c3 Ne6 16. Nf3 f5 17. Nxc5 Nxc5 18. Bc2 Be6 19. b4 Nd7 20. Rh4 Bd5 21.
Bb3 Kh8 22. Bxd5 Qxd5 23. Rd4 Qc6 24. Kh3 Ng4 25. Qf1 Ndf6 26. Ba3 b5 27. c4 a6
28. c5 Ne4 29. Bb2 Ngf2+ 30. Kg2 Qg6 31. Rxe4 Nxe4 32. Be5 f4 33. Qe1 Nxg3 34.
Kf2 Ne4+ 35. Kf1 Rae8 36. d3 Ng3+ 37. Kf2 Qxd3 38. Rd1 Qc2+ 39. Kg1 Qg6 40. Kf2
Ne4+ 41. Kf1 Rf5 42. Qxe4 Qh5 43. Kf2 Qf7 44. c6 Kg8 45. Rd7 Qxa2+ 46. Nd2
Rexe5 47. Qxe5 Rxe5 48. c7 Re8 49. Rd8 Qe6 50. Ne4 Qxe4 51. c8=Q Qe3+ 1/2-1/2

[Event "15. Bayer Open"]
[Site "Leverkusen"]
[Date "2017.01.16"]
[Round "2.46"]
[White "Elshani, Shaip"]
[Black "Riesen, Ingo"]
[Result "1-0"]
[WhiteElo "1552"]
[BlackElo "1410"]
[PlyCount "91"]
[EventDate "2017.??.??"]
[WhiteTeam "SC Bayer Leverkusen"]
[BlackTeam "Klub Kölner SF"]

1. e4 e5 2. Nf3 Nc6 3. Bc4 Bc5 4. O-O Nf6 5. d3 O-O 6. Bd5 Nb4 7. Bb3 c6 8.
Nxe5 Qc7 9. Bf4 d6 10. Nf3 a5 11. c3 Na6 12. Nbd2 Bb6 13. Nc4 Rd8 14. Ng5 Nc5
15. Nxb6 Qxb6 16. Nxf7 Nxb3 17. Nxd8 Nxa1 18. Bxd6 Qxd8 19. e5 Ne8 20. Bc5 Bf5
21. Qxa1 Qxd3 22. Bd4 Nc7 23. Rd1 Qe4 24. f3 Qf4 25. b3 Ne6 26. Re1 Nxd4 27.
cxd4 Rd8 28. e6 Qxd4+ 29. Qxd4 Rxd4 30. e7 Bd7 31. e8=Q+ Bxe8 32. Rxe8+ Kf7 33.
Re2 c5 34. Kf2 b5 35. Ke3 Rd8 36. Rc2 Rd5 37. Ke4 Ke6 38. f4 Rd4+ 39. Ke3 Kd5
40. g4 c4 41. bxc4+ bxc4 42. Rb2 Rd3+ 43. Ke2 Ke4 44. Rb7 c3 45. Re7+ Kd4 46.
Rd7+ 1-0

[Event "15. Bayer Open"]
[Site "Leverkusen"]
[Date "2017.01.16"]
[Round "2.47"]
[White "Roder, Stephan"]
[Black "Milz, Ulrich"]
[Result "1/2-1/2"]
[WhiteElo "1389"]
[BlackElo "1458"]
[PlyCount "48"]
[EventDate "2017.??.??"]
[WhiteTeam "Bergische SF"]
[BlackTeam "SC Bayer Leverkusen"]

1. e4 b6 2. d4 e6 3. Bd3 Bb7 4. Nc3 Nc6 5. Nge2 Nb4 6. O-O Nxd3 7. Qxd3 h6 8.
Qg3 a6 9. Be3 Ne7 10. Bf4 d6 11. Rad1 Ng6 12. d5 e5 13. Be3 Be7 14. f4 Bh4 15.
Qf3 Bf6 16. f5 Ne7 17. Ng3 Qd7 18. Nh5 O-O-O 19. Nxf6 gxf6 20. Qh3 Rh7 21. Rf3
h5 22. Qh4 Rg8 23. Rg3 Qd8 24. Rxg8 Nxg8 1/2-1/2

[Event "15. Bayer Open"]
[Site "Leverkusen"]
[Date "2017.01.16"]
[Round "2.48"]
[White "Winzer, Michael"]
[Black "Ecker, Karl-Heinz"]
[Result "1-0"]
[WhiteElo "1717"]
[BlackElo "1396"]
[PlyCount "33"]
[EventDate "2017.??.??"]
[WhiteTeam "Ford SF Köln"]
[BlackTeam "SK Köln-Worringen"]

1. e4 e5 2. Nf3 Nc6 3. Bb5 a6 4. Ba4 Nd4 5. d3 b5 6. Bb3 Nxb3 7. axb3 d6 8. Nc3
Nf6 9. Nxb5 Bd7 10. Nc3 Be7 11. h3 O-O 12. O-O Qc8 13. Kh2 h6 14. Ng1 Nh7 15.
Nd5 Bg5 16. Bxg5 Nxg5 17. Ne7+ 1-0

[Event "15. Bayer Open"]
[Site "Leverkusen"]
[Date "2017.01.16"]
[Round "2.50"]
[White "Eßer, Julian"]
[Black "Rist, Kurt"]
[Result "0-1"]
[WhiteElo "1132"]
[BlackElo "1503"]
[PlyCount "68"]
[EventDate "2017.??.??"]
[WhiteTeam "SC Bayer Leverkusen"]
[BlackTeam "SG Solingen"]

1. e4 c5 2. Nf3 Nc6 3. d4 cxd4 4. Nxd4 e5 5. Nb3 a6 6. Nc3 Nf6 7. Bd3 d6 8. Be3
Be6 9. Nc1 Rc8 10. N1e2 b5 11. Qd2 Ng4 12. O-O Be7 13. f4 Nb4 14. a3 Nxd3 15.
Qxd3 Bc4 16. Qd2 Nxe3 17. Qxe3 d5 18. Qd2 d4 19. Nd1 exf4 20. Rf2 d3 21. cxd3
Bc5 22. d4 g5 23. Ndc3 Ba7 24. Rd1 Bb3 25. Rdf1 O-O 26. Rf3 Kh8 27. Kh1 a5 28.
d5 b4 29. axb4 axb4 30. Nb5 Be3 31. Rxe3 fxe3 32. Qd4+ f6 33. Qxb4 Bc4 34. Rc1
Bxe2 0-1

[Event "15. Bayer Open"]
[Site "Leverkusen"]
[Date "2017.01.16"]
[Round "2.51"]
[White "Paul, André David"]
[Black "Sinner, Joselyne"]
[Result "0-1"]
[WhiteElo "1544"]
[BlackElo "1050"]
[PlyCount "64"]
[EventDate "2017.??.??"]
[WhiteTeam "Kölner SK Dr. Lasker"]
[BlackTeam "SG Porz"]

1. d4 d5 2. c4 Nf6 3. Nc3 Nc6 4. e3 Bf5 5. Nf3 e6 6. a3 Be7 7. cxd5 exd5 8. Bb5
Bd7 9. O-O O-O 10. Bd3 Bd6 11. b4 Bg4 12. Re1 Re8 13. Nb5 Ne4 14. Nxd6 Qxd6 15.
Bb2 Re6 16. Be2 Rh6 17. Ne5 Bxe2 18. Rxe2 f6 19. Nf3 Ng5 20. Rc2 Nxf3+ 21. Qxf3
Qxh2+ 22. Kf1 Rd8 23. b5 Na5 24. Rc5 Nb3 25. Rd1 Nxc5 26. dxc5 c6 27. e4 Rh5
28. a4 a5 29. Bc3 Re8 30. Rd4 Rhe5 31. g3 Rxe4 32. Rxe4 Rxe4 0-1

[Event "15. Bayer Open"]
[Site "Leverkusen"]
[Date "2017.01.16"]
[Round "2.52"]
[White "Teuber, Alfons"]
[Black "Becker, Johann"]
[Result "0-1"]
[WhiteElo "1031"]
[BlackElo "1551"]
[PlyCount "66"]
[EventDate "2017.??.??"]
[WhiteTeam "BSW Opladen"]
[BlackTeam "TV Witzhelden"]

1. e4 c5 2. Bc4 Nc6 3. Nf3 e6 4. Nc3 a6 5. a4 g6 6. b3 Bg7 7. Bb2 Nge7 8. d3 d5
9. exd5 exd5 10. Bb5 axb5 11. axb5 Rxa1 12. Qxa1 Nb4 13. Qb1 O-O 14. Ne2 d4 15.
O-O Bg4 16. h3 Bxf3 17. gxf3 Qd7 18. Kh2 Nf5 19. Ng3 Qd6 20. Kg2 Nh4+ 21. Kh1
Nxf3 22. Qd1 Ng5 23. h4 Qd5+ 24. Ne4 Nxe4 25. Kg1 Nd6 26. b6 Re8 27. Re1 Rxe1+
28. Qxe1 Qe6 29. Qd2 Nf5 30. c4 Nxh4 31. Qf4 Qe1+ 32. Kh2 Be5 33. Qg3 Qxf2+ 0-1

[Event "15. Bayer Open"]
[Site "Leverkusen"]
[Date "2017.01.16"]
[Round "2.53"]
[White "Ipekyilmaz, Tayfun"]
[Black "Brink, Manfred"]
[Result "1-0"]
[WhiteElo "1645"]
[BlackElo "934"]
[PlyCount "45"]
[EventDate "2017.??.??"]
[WhiteTeam "Langenfelder SF"]
[BlackTeam "SK Köln-Worringen"]

1. e4 e5 2. f4 Nc6 3. Nf3 d6 4. Bc4 Nf6 5. d3 Be7 6. O-O O-O 7. f5 h6 8. Nc3 a6
9. Qe1 b5 10. Bb3 Rb8 11. Qg3 Nh7 12. Bxh6 Bf6 13. Nd5 Nd4 14. Nxf6+ Qxf6 15.
Nxd4 exd4 16. Bd2 c5 17. Rf4 Kh8 18. Rh4 g6 19. Bg5 Qe5 20. Bf4 Qe8 21. Rxh7+
Kxh7 22. Qh4+ Kg8 23. fxg6 1-0

[Event "15. Bayer Open"]
[Site "Leverkusen"]
[Date "2017.02.06"]
[Round "3.1"]
[White "Rotstein, Jefim"]
[Black "Bär, Marco"]
[Result "1-0"]
[WhiteElo "2241"]
[BlackElo "2101"]
[PlyCount "67"]
[EventDate "2017.??.??"]
[WhiteTeam "SC Tornado Hochneukirch"]
[BlackTeam "SC Bayer Leverkusen"]

1. e4 d5 2. exd5 Nf6 3. Bb5+ Nbd7 4. Nc3 a6 5. Be2 Nb6 6. Nf3 Nbxd5 7. Nxd5
Nxd5 8. d4 Bg4 9. c4 Nf6 10. O-O e6 11. Qb3 Rb8 12. Rd1 Be7 13. Be3 O-O 14. h3
Bxf3 15. Bxf3 b5 16. Rd2 Qd6 17. Rc1 Qb4 18. Qd3 Qa5 19. b3 Qa3 20. Rdc2 bxc4
21. Qxc4 Bd6 22. Bd2 h6 23. g4 Rfd8 24. Kg2 e5 25. dxe5 Bxe5 26. Re1 Rd4 27.
Qe2 Re8 28. Bc3 Nd5 29. Bxd5 Rxd5 30. f4 Bxc3 31. Qxe8+ Kh7 32. Qe4+ g6 33.
Qxd5 Bxe1 34. Qxf7+ 1-0

[Event "15. Bayer Open"]
[Site "Leverkusen"]
[Date "2017.02.06"]
[Round "3.2"]
[White "Neubauer, Jürgen"]
[Black "Khanukov, Boris"]
[Result "1/2-1/2"]
[WhiteElo "1981"]
[BlackElo "2249"]
[PlyCount "120"]
[EventDate "2017.??.??"]
[WhiteTeam "SK Turm Euskirchen"]
[BlackTeam "Bahn-SC Wuppertal"]

1. e4 c5 2. Nf3 Nc6 3. d4 cxd4 4. Nxd4 g6 5. Nc3 Bg7 6. Be3 Nf6 7. Be2 O-O 8.
h4 d5 9. exd5 Nxd5 10. Nxd5 Qxd5 11. Nxc6 Qxc6 12. c3 Bf5 13. O-O Be4 14. f3
Bd5 15. Kf2 Rad8 16. Qc2 e5 17. Rad1 b6 18. Rd2 Be6 19. Rfd1 Bf6 20. h5 gxh5
21. Bd3 Kh8 22. Bxh7 Rxd2+ 23. Rxd2 Rd8 24. Be4 Qe8 25. Qd1 Rxd2+ 26. Qxd2 Bxa2
27. Bc2 Be6 28. Qd3 Qg8 29. Kf1 h4 30. Qe4 Kg7 31. f4 exf4 32. Qxf4 Qd8 33.
Qh6+ Kg8 34. Bh7+ Kh8 35. Bb1+ Kg8 36. Bh7+ Kh8 37. Bf5+ Kg8 38. Bxe6 fxe6 39.
Qg6+ Kf8 40. Kf2 Bg7 41. Bh6 Qe7 42. Bxg7+ Qxg7 43. Qxe6 Qg3+ 44. Kg1 Kg7 45.
c4 Qf4 46. Qe7+ Kg6 47. Qxa7 Qc1+ 48. Kh2 Qf4+ 49. Kg1 Qc1+ 50. Kh2 Qxb2 51.
Qc7 Qb3 52. Qf4 Kh5 53. Qf5+ Kh6 54. Qg4 Qb4 55. Qxh4+ Kg6 56. Qe4+ Kf6 57.
Qd4+ Kg6 58. Kh3 Qb3+ 59. Kg4 Qb1 60. Qd6+ Kg7 1/2-1/2

[Event "15. Bayer Open"]
[Site "Leverkusen"]
[Date "2017.02.06"]
[Round "3.3"]
[White "Balduan, Markus"]
[Black "Werbeck, Torsten"]
[Result "1-0"]
[WhiteElo "2219"]
[BlackElo "2051"]
[PlyCount "71"]
[EventDate "2017.??.??"]
[WhiteTeam "TV Witzhelden"]
[BlackTeam "Bahn-SC Wuppertal"]

1. c4 c5 2. Nc3 Nc6 3. g3 g6 4. Bg2 Bg7 5. e4 d6 6. Nge2 Nf6 7. O-O O-O 8. d3
a6 9. h3 Rb8 10. a4 Ne8 11. Be3 Nd4 12. Rb1 Bd7 13. b4 Nxe2+ 14. Nxe2 cxb4 15.
Rxb4 b5 16. axb5 axb5 17. Qb3 Nc7 18. cxb5 Rxb5 19. Rb1 Rxb4 20. Qxb4 Nb5 21.
d4 Qb8 22. Nf4 Nc3 23. Rb3 Nd1 24. Nd5 Re8 25. Nb6 Qc7 26. Bd2 Be6 27. Rb1 Qc2
28. Rc1 Qd3 29. Rxd1 Rb8 30. Qa4 Bb3 31. Qa7 Rf8 32. Bf1 Qf3 33. Re1 Bxd4 34.
Be3 Bc3 35. Bg2 Qf6 36. Nd7 1-0

[Event "15. Bayer Open"]
[Site "Leverkusen"]
[Date "2017.02.06"]
[Round "3.4"]
[White "Marcziter, Dmitrii"]
[Black "Maric, Boris"]
[Result "1-0"]
[WhiteElo "2254"]
[BlackElo "2033"]
[PlyCount "53"]
[EventDate "2017.??.??"]
[WhiteTeam "DJK Aufwärts Aachen"]
[BlackTeam "SV Grünfeld"]

1. d4 Nf6 2. Nf3 e6 3. c4 b6 4. a3 Ba6 5. Qc2 c5 6. e4 cxd4 7. Nxd4 d5 8. cxd5
Bxf1 9. Kxf1 exd5 10. Nb5 Bc5 11. Bf4 O-O 12. b4 Nxe4 13. bxc5 Qf6 14. Nc7 Qxf4
15. Nxa8 Rc8 16. Nc3 Rxc5 17. Nxd5 Qe5 18. Qa2 Rxd5 19. Rc1 Qd4 20. Qc2 f5 21.
g3 Nc6 22. Kg2 Rc5 23. Qa2+ Kf8 24. Nc7 Nd8 25. Rhd1 Qe5 26. Rxd8+ Ke7 27. Re8+
1-0

[Event "15. Bayer Open"]
[Site "Leverkusen"]
[Date "2017.02.06"]
[Round "3.5"]
[White "Auer, Martin"]
[Black "Glaser, Steffen"]
[Result "1/2-1/2"]
[WhiteElo "2167"]
[BlackElo "2033"]
[PlyCount "110"]
[EventDate "2017.??.??"]
[WhiteTeam "Bahn-SC Wuppertal"]
[BlackTeam "vereinslos"]

1. g3 g6 2. Bg2 Bg7 3. f4 d6 4. Nf3 c6 5. Nc3 Nd7 6. O-O e5 7. e4 Ne7 8. Kh1
O-O 9. d4 Qb6 10. dxe5 dxe5 11. Qd6 Qc5 12. Qxc5 Nxc5 13. Nxe5 Bxe5 14. fxe5
Ne6 15. b3 Rd8 16. Ba3 Re8 17. Rf2 Nd8 18. Rd2 Ne6 19. Bd6 Kg7 20. Nd1 h5 21.
Ne3 Ng8 22. Rf1 Nh6 23. Ba3 b6 24. Rd6 Nd8 25. Bb2 Be6 26. Rfd1 Rc8 27. h3 Nb7
28. R6d2 Rcd8 29. Kg1 Kf8 30. Ba3+ Kg7 31. Rxd8 Rxd8 32. Rxd8 Nxd8 33. Be7 Nb7
34. Bf6+ Kf8 35. Kf2 Nc5 36. Kf3 Ng8 37. Kf4 Nd7 38. Bg5 Nc5 39. h4 Nd7 40. Bf1
b5 41. Nd1 Ke8 42. Nf2 Ne7 43. Nd3 Bg4 44. Nb4 Nb8 45. Ke3 Kd7 46. Nd3 Ke8 47.
Nc5 Nd7 48. Kd4 Nf8 49. c4 b4 50. Bh6 Nd7 51. Bd2 a5 52. Bf4 Kd8 53. Bg5 Be6
54. Nb7+ Kc7 55. Nxa5 c5+ 1/2-1/2

[Event "15. Bayer Open"]
[Site "Leverkusen"]
[Date "2017.02.06"]
[Round "3.6"]
[White "Stillger, Bernhard"]
[Black "Hennig, Edgar Paul"]
[Result "1-0"]
[WhiteElo "2240"]
[BlackElo "1849"]
[PlyCount "67"]
[EventDate "2017.??.??"]
[WhiteTeam "Oberhausener SV"]
[BlackTeam "Satranç Club"]

1. Nf3 d5 2. d4 c6 3. c4 Nf6 4. e3 Bf5 5. cxd5 cxd5 6. Qb3 Qb6 7. Qxb6 axb6 8.
Nc3 e6 9. Bb5+ Nfd7 10. Bd2 Bd6 11. Nh4 Bg6 12. Rc1 Ke7 13. Nxg6+ hxg6 14. Ke2
Nc6 15. h3 Rhc8 16. Bd3 Na7 17. a3 Kd8 18. f3 Nc6 19. Nb5 Be7 20. h4 Na5 21.
Bc3 Nf6 22. g4 Nc4 23. h5 gxh5 24. g5 Ne8 25. Rxh5 Kd7 26. f4 Kc6 27. b3 Kxb5
28. a4+ Kc6 29. bxc4 dxc4 30. Bxc4 Kd7 31. Bb5+ Kd8 32. Rh8 Rc6 33. e4 Kc7 34.
d5 1-0

[Event "15. Bayer Open"]
[Site "Leverkusen"]
[Date "2017.02.06"]
[Round "3.7"]
[White "Wille, Thomas"]
[Black "Mohaupt, Sascha"]
[Result "1/2-1/2"]
[WhiteElo "2013"]
[BlackElo "2145"]
[PlyCount "53"]
[EventDate "2017.??.??"]
[WhiteTeam "Velberter SG"]
[BlackTeam "SV Wermelskirchen"]

1. c4 e5 2. Nc3 Nf6 3. g3 c6 4. d4 exd4 5. Qxd4 d5 6. Bg2 dxc4 7. Qxc4 Be6 8.
Qa4 Nbd7 9. Nf3 Nc5 10. Qc2 Qd7 11. Bf4 Bf5 12. Qc1 Ne6 13. Be3 h6 14. O-O Bd6
15. Rd1 Qe7 16. Nd4 Nxd4 17. Bxd4 Be5 18. e4 Bg6 19. Bxe5 Qxe5 20. Qe3 O-O 21.
Qd4 Qxd4 22. Rxd4 Rfd8 23. Rad1 Rxd4 24. Rxd4 Re8 25. f3 Kf8 26. Kf2 Ke7 27.
Bh3 1/2-1/2

[Event "15. Bayer Open"]
[Site "Leverkusen"]
[Date "2017.02.06"]
[Round "3.8"]
[White "Moors, Christoph"]
[Black "Reinemer, Frank"]
[Result "1-0"]
[WhiteElo "1938"]
[BlackElo "2093"]
[PlyCount "97"]
[EventDate "2017.??.??"]
[WhiteTeam "Düsseldorfer SK"]
[BlackTeam "Langenfelder SF"]

1. d4 f5 2. g3 Nf6 3. Bg2 g6 4. Nf3 Bg7 5. O-O O-O 6. c4 d6 7. Nc3 Qe8 8. d5
Na6 9. Rb1 Nc5 10. Nd4 a5 11. Ncb5 Na6 12. b3 Bd7 13. Bb2 h6 14. a3 c6 15. Nc3
Nc5 16. b4 axb4 17. axb4 Nce4 18. Qd3 Nxc3 19. Bxc3 Ng4 20. dxc6 bxc6 21. Qc2
Ra3 22. Rb3 Rxb3 23. Nxb3 Bxc3 24. Qxc3 f4 25. Nd2 fxg3 26. hxg3 Qf7 27. Qf3
Qg7 28. Qb3 Qf6 29. Nf3 Qf5 30. Ra1 Qh5 31. Ra5 Rf5 32. Rxf5 Qxf5 33. b5 Qc5
34. e3 Be6 35. b6 Bxc4 36. Qb1 Ba6 37. Qxg6+ Kf8 38. Qxg4 Qxb6 39. Qe6 Qb1+ 40.
Kh2 Qh7 41. Nd4 c5 42. Be4 Qf7 43. Qxf7+ Kxf7 44. Nf5 d5 45. Bxd5+ e6 46. Bc4
Bxc4 47. Nd6+ Kf6 48. Nxc4 Kf5 49. f3 1-0

[Event "15. Bayer Open"]
[Site "Leverkusen"]
[Date "2017.02.06"]
[Round "3.9"]
[White "Heller, Achim"]
[Black "Kaspar, Uwe"]
[Result "1/2-1/2"]
[WhiteElo "2055"]
[BlackElo "1835"]
[PlyCount "99"]
[EventDate "2017.??.??"]
[WhiteTeam "SG Ennepe-Ruhr-Süd"]
[BlackTeam "Düsseldorfer SK"]

1. d4 b6 2. c4 e6 3. Nc3 Bb7 4. Nh3 Bb4 5. f3 f5 6. e3 Nf6 7. Bd2 Nh5 8. Bd3
Qh4+ 9. Nf2 O-O 10. g3 Qf6 11. a3 Bxc3 12. Bxc3 Qh6 13. Qe2 c5 14. dxc5 bxc5
15. O-O-O d5 16. Kb1 Nc6 17. cxd5 exd5 18. g4 d4 19. Bd2 fxg4 20. Nxg4 Qd6 21.
Be4 Nf6 22. Nxf6+ Qxf6 23. Qc4+ Kh8 24. exd4 Qxd4 25. Qe6 Nd8 26. Qg4 Bxe4+ 27.
Qxe4 Rb8 28. Qc2 Rxf3 29. Bc3 Rxc3 30. Rxd4 Rxc2 31. Rxd8+ Rxd8 32. Kxc2 g6 33.
Re1 Rd7 34. Re5 Rc7 35. Kc3 Kg7 36. Kc4 Kf6 37. Rxc5 Rxc5+ 38. Kxc5 g5 39. b4
h5 40. Kd4 Kf5 41. b5 g4 42. Ke3 h4 43. a4 Ke5 44. a5 Kd5 45. b6 axb6 46. axb6
Kc6 47. Kf4 g3 48. Kf3 Kxb6 49. hxg3 hxg3 50. Kxg3 1/2-1/2